Roger L. Stevens presents : (Record no. 78245)

MARC details
000 -LEADER
campo de control de longitud fija 01316cam a2200313 a 4500
001 - NÚMERO DE CONTROL
campo de control 48261
005 - FECHA Y HORA DE LA ÚLTIMA TRANSACCIÓN
campo de control 20230410130653.0
008 - DATOS DE LONGITUD FIJA--INFORMACIÓN GENERAL
campo de control de longitud fija 011025s2002 dcua c 000 0deng
010 ## - NÚMERO DE CONTROL DE LA BIBLIOTECA DEL CONGRESO
Número de control de LC 2001050526
035 ## - NÚMERO DE CONTROL DEL SISTEMA
Número de control de sistema (OCoLC)ocm48241348
040 ## - FUENTE DE CATALOGACIÓN
Centro catalogador/agencia de origen DLC
Centro/agencia transcriptor DLC
Centro/agencia modificador BAKER
-- BTCTA
020 ## - NÚMERO INTERNACIONAL ESTÁNDAR DEL LIBRO
Número Internacional Estándar del Libro 0844410535
020 ## - NÚMERO INTERNACIONAL ESTÁNDAR DEL LIBRO
Número Internacional Estándar del Libro 9780844410531
035 ## - NÚMERO DE CONTROL DEL SISTEMA
Número de control de sistema (OCoLC)48241348
050 14 - SIGNATURA TOPOGRÁFICA DE LA BIBLIOTECA DEL CONGRESO
Número de clasificación PN 2287
Número de ítem R722 2002
082 00 - NÚMERO DE LA CLASIFICACIÓN DECIMAL DEWEY
Número de clasificación 792/.0232/092
Número de edición 21
049 ## - FONDOS LOCALES (OCLC)
Biblioteca depositaria GRAL
245 00 - MENCIÓN DEL TÍTULO
Título Roger L. Stevens presents :
Resto del título essays /
Mención de responsabilidad, etc. by E.J. Kahn ... [et al.].
260 ## - PUBLICACIÓN, DISTRIBUCIÓN, ETC.
Lugar de publicación, distribución, etc. Washington, DC :
Nombre del editor, distribuidor, etc. Library of Congress,
Fecha de publicación, distribución, etc. 2002.
300 ## - DESCRIPCIÓN FÍSICA
Extensión 134 p. :
Otras características físicas ill. (some col.) ;
Dimensiones 28 cm.
505 0# - NOTA DE CONTENIDO CON FORMATO
Nota de contenido con formato Introduction / James H. Billington -- Profiles, openings and closings / E.J. Kahn, Jr. -- Roger L. Stevens on Broadway and in the West End / Walter Zvonchenko -- Roger Stevens, the arts endowment years--The Theatre Program years / Ruth Mayleas -- The man behind Washington's Kennedy Center / Tom Prideaux -- Roger Stevens, an appreciation / David Richards.
600 10 - PUNTO DE ACCESO ADICIONAL DE MATERIA--NOMBRE DE PERSONA
Nombre de persona Stevens, Roger L.
Subdivisión de forma Exhibitions.
700 1# - ENTRADA AGREGADA--NOMBRE PERSONAL
Nombre de persona Kahn, E. J.
Forma completa/desarrollada del nombre (Ely Jacques),
Fechas asociadas al nombre 1916-
938 ## -
-- Baker & Taylor
-- BKTY
-- 55.01
-- 59.96
-- 0844410535
-- 0003824145
-- active
938 ## -
-- Baker and Taylor
-- BTCP
-- 2001050526
942 ## - ELEMENTOS DE ENTRADA SECUNDARIOS (KOHA)
Fuente del sistema de clasificación o colocación Clasificación de Library of Congress
Tipo de ítem Koha
994 ## -
-- C0
-- DRFGD
946 ## - PROCESAMIENTO DE INFORMACIÓN LOCAL (OCLC)
a Lspaulino
Holdings
Estatus retirado Estado de pérdida Fuente del sistema de clasificación o colocación Estado de daño No para préstamo Colección Biblioteca de origen Biblioteca actual Ubicación en estantería Fecha de adquisición Serial enumeration / chronology Signatura topográfica completa Código de barras Visto por última vez Copia número Tipo de ítem Koha
    Clasificación de Library of Congress     Humanidades Biblioteca Juan Bosch Biblioteca Juan Bosch Humanidades (4to. Piso) 10/04/2023 1 PN 2287 R722 2002 00000049139 25/10/2018 1